Aplikácia viacrozmerných metód pri meraní chudoby

Meranie sociálno-priestorovej dimenzie chudoby. Definícia chudoby a regionálne rozdiely ukazovateľov chudoby. Hranica rizika a miera chudoby v Českej a Slovenskej republike. Dosiahnutá životná úroveň obyvateľstva. Hodnotenie krajov Slovenska a krajov v Českej republike pomocou komponentov súvisiacic...

Ausführliche Beschreibung

Gespeichert in:
Bibliographische Detailangaben
1. Verfasser: Labudová, Viera, 1958-
Weitere Verfasser: Vojtková, Mária, 1966-, Linda, Bohdan
Format: Buchkapitel
Sprache:Slowakisch
Schlagworte:
Tags: Tag hinzufügen
Keine Tags, Fügen Sie das erste Tag hinzu!

MARC

LEADER 00000naa$a2200000$$$4500
001 0112136
005 20240502083258.6
041 0 |a slo 
044 |a CZ 
245 1 0 |a Aplikácia viacrozmerných metód pri meraní chudoby  |c Viera Labudová, Mária Vojtková, Bohdan Linda 
520 |a Meranie sociálno-priestorovej dimenzie chudoby. Definícia chudoby a regionálne rozdiely ukazovateľov chudoby. Hranica rizika a miera chudoby v Českej a Slovenskej republike. Dosiahnutá životná úroveň obyvateľstva. Hodnotenie krajov Slovenska a krajov v Českej republike pomocou komponentov súvisiacich s chudobou. Výsledky analýzy. 
610 2 0 |a Slovensko 
610 2 0 |a Česko 
610 2 0 |a regióny 
610 2 0 |a úroveň životná 
610 2 0 |a skupiny sociálne 
610 2 0 |a situácia finančná obyvateľstva 
610 2 0 |a chudoba 
610 2 0 |a ukazovatele rozdielové 
610 2 0 |a analýza komparatívna 
100 1 |a Labudová, Viera, 1958- 
700 1 |a Vojtková, Mária, 1966- 
700 1 |a Linda, Bohdan